000 01527cad a2200313 4500
001 L158866
008 100215n2013 000 0 eng u
020 _a9781783210305
035 _a(Sirsi) u158866
041 _aeng
100 1 _aSquires, Graham
111 2 _aConstruction and Building Research Conference
_cIIT Delhi, New Delhi
_d10-12 September 2013
245 0 4 _aThe life and death of tax increment financing for redevelopment
_bLessons in affordable housing and implementation
_h[electronic resource]
260 _aLondon
_bRICS
_c2013
490 0 _aCOBRA
_v2013
520 _aA paper presented at the COBRA Conference in New Delhi on 10-12 September 2013. Aims to gain insight from Tax Increment Financing (TIF) implementation within the city and county of San Francisco that may be relevant to TIF development in the UK and continental Europe. At a time when many of the TIFs set up in California during the 1950s are coming to an end, TIF and similar value capture instruments for public goods and services are being piloted and implemented in the UK and continental Europe.
650 2 4 _aCONSTRUCTION AND BUILDING RESEARCH CONFERENCE (COBRA)
650 2 4 _aTAX INCREMENTAL FINANCING
650 2 4 _aREDEVELOPMENT
650 2 4 _aAffordable housing
_96215
650 2 4 _aURBAN PLANNING
651 4 _aEurope
651 4 _aUnited Kingdom
_y
651 4 _aUnited States
_y1959-
690 _aFinance and taxation
690 _aPlanning and development
_96259
700 1 _aHutchinson, Norman
942 _n0
999 _c115555
_d115555